00482nam a2200145Ia 4500008004100000041001200041100001700053245008000070260000600150650000600156700001800162942000700180999001700187952013200204221030s9999 xx 000 0 und d aEnglish aW. M. Newman 0aPrinicples of Interactive Compiler Graphicscby W. M. Newman, R. F. Sproull c0 aB aR. F. Sproull cBK c14707d14707 pB 6091l0r2022-10-30 00:00:00w2022-10-30yBK003Print4070aMIETLIBbMIETLIBcBL-, FL-, CUP-0, SH-0, R-0d2012-12-2110HBE